ბათუმის შოთა რუსთაველის სახელმწიფო უნივერსიტეტის ბიბლიოთეკა

ისტორიულ-ეთნოლოგიური ძიებანი XVI= Studies in history and ethnology (ბიბ.ჩანაწერი № 51168)

000 -LEADER
fixed length control field 01209nam a2200253Ia 4500
001 - CONTROL NUMBER
control field 18127
003 - CONTROL NUMBER IDENTIFIER
control field GE_BSU
008 - FIXED-LENGTH DATA ELEMENTS--GENERAL INFORMATION
fixed length control field 181216s||||||||xx |||||||||||||| ||und||
020 ## - INTERNATIONAL STANDARD BOOK NUMBER
International Standard Book Number ISSN 1512-2727
040 ## - CATALOGING SOURCE
Transcribing agency GE_BSU
080 ## - UNIVERSAL DECIMAL CLASSIFICATION NUMBER
Universal Decimal Classification number 94(479.22)(082)+39
245 ## - TITLE STATEMENT
Title ისტორიულ-ეთნოლოგიური ძიებანი XVI= Studies in history and ethnology
245 ## - TITLE STATEMENT
Remainder of title კრებული
245 ## - TITLE STATEMENT
Statement of responsibility, etc. რედ. ხ. იოსელიანი;სარედ:კოლეგია.ავთანდილ სონღულაშვილი,ლავრენტი ჯანიაშვილი და სხვ.
250 ## - EDITION STATEMENT
Edition statement ივ. ჯავახიშვილის ისტორიისა და ეთნოლოგიის ინსტიტუტი.
260 ## - PUBLICATION, DISTRIBUTION, ETC.
Place of publication, distribution, etc. თბილისი
260 ## - PUBLICATION, DISTRIBUTION, ETC.
Date of publication, distribution, etc. 2014
300 ## - PHYSICAL DESCRIPTION
Extent 252 გვ. : ილ. ; 21სმ
520 ## - SUMMARY, ETC.
Summary, etc. პარალ სათ. ინგ. ენ. ტექსტ. ინგლ. ენ.
653 ## - INDEX TERM--UNCONTROLLED
Uncontrolled term ეთნოლოგია
653 ## - INDEX TERM--UNCONTROLLED
Uncontrolled term ისტორია
653 ## - INDEX TERM--UNCONTROLLED
Uncontrolled term ისტორიულ-ეთნოლოგიური ძიებანი XVII
942 ## - ADDED ENTRY ELEMENTS (KOHA)
Koha item type წიგნი
ეგზემპლარები
Withdrawn status Lost status Damaged status Not for loan Date acquired Barcode Date last seen Price effective from Koha item type
        2018-12-17 46233 2018-12-17 2018-12-17 წიგნი